[Event "IND-ch U15 Girls 38th"]
[Site "New Delhi"]
[Date "2022.12.06"]
[Round "11"]
[White "Magizhini, M."]
[Black "Asudani, Ruhani Raj"]
[Result "0-1"]
[WhiteElo "1417"]
[BlackElo "1201"]
[PlyCount "130"]
[EventDate "2022.11.28"]
[EventType "swiss"]
[EventRounds "11"]
[EventCountry "IND"]
[SourceTitle "EXT 2024"]
[Source "ChessBase"]
[SourceDate "2023.10.10"]
[SourceVersion "1"]
[SourceVersionDate "2023.10.10"]
[SourceQuality "1"]

1. e4 c5 2. Nf3 d6 3. d4 cxd4 4. Nxd4 Nf6 5. Nc3 a6 6. f3 e6 7. Be3 Be7 8. Qd2 0-0 9. 0-0-0 Nc6 10. g4 Nxd4 11. Qxd4 Nd7 12. Qd2 Ne5 13. Qf2 b5 14. h4 Bd7 15. Bf4 Qc7 16. Bxe5 dxe5 17. g5 Rfc8 18. Qd2 Be8 19. Bd3 b4 20. Ne2 Rd8 21. h5 Bb5 22. Kb1 a5 23. Rhg1 a4 24. Nc1 a3 25. b3 Qb6 26. Ne2 Bc5 27. Rg2 Rac8 28. Qe1 Bxd3 29. cxd3 Be3 30. g6 fxg6 31. hxg6 h6 32. Rh2 Qc5 33. Nc1 Bxc1 34. Rxc1 Qxc1+ 35. Qxc1 Rxc1+ 36. Kxc1 Rxd3 37. Rh5 Kf8 38. Rxe5 Ke7 39. f4 Kf6 40. Rb5 Rd4 41. Re5 Rd3 42. Rb5 Rf3 43. Rxb4 Rxf4 44. Rc4 h5 45. Kd1 Rf2 46. b4 Rxa2 47. b5 Rb2 48. b6 a2 49. Ra4 Rb1+ 50. Kc2 Rxb6 51. Rxa2 Kxg6 52. Kd3 Rb5 53. Kd4 Kf6 54. Rf2+ Ke7 55. Rg2 g5 56. Ke3 Kf6 57. Rf2+ Kg6 58. Kd4 g4 59. e5 g3 60. Rf6+ Kg5 61. Rxe6 g2 62. Re8 g1Q+ 63. Ke4 Qg4+ 64. Ke3 Rb3+ 65. Kf2 Qf3+ 0-1

[Event "IND-ch U15 Girls 38th"]
[Site "New Delhi"]
[Date "2022.12.02"]
[Round "7"]
[White "Magizhini, M."]
[Black "Shubhi, Gupta"]
[Result "0-1"]
[WhiteElo "1417"]
[BlackElo "1815"]
[PlyCount "66"]
[EventDate "2022.11.28"]
[EventType "swiss"]
[EventRounds "11"]
[EventCountry "IND"]
[SourceTitle "CBM 211 Extra"]
[Source "ChessBase"]
[SourceDate "2023.01.31"]
[SourceVersion "1"]
[SourceVersionDate "2023.01.31"]
[SourceQuality "1"]

1. e4 e5 2. Nf3 Nc6 3. Nc3 Nf6 4. d4 exd4 5. Nxd4 Bb4 6. Nxc6 bxc6 7. Bd3 d5 8. exd5 cxd5 9. 0-0 0-0 10. Bg5 c6 11. Qf3 Bd6 12. h3 Rb8 13. Rab1 Re8 14. Ne2 h6 15. Be3 c5 16. c3 Bb7 17. Bf4 c4 18. Bf5 d4 19. Qg3 Bxf4 20. Nxf4 Be4 21. Bxe4 Nxe4 22. Qg4 Nd2 23. h4 Nxb1 24. Nh5 g6 25. Rxb1 dxc3 26. Rd1 cxb2 27. Rxd8 Rexd8 28. Nf6+ Kg7 29. Nh5+ Kf8 30. Nf6 b1Q+ 31. Kh2 Qf5 32. Nh7+ Kg7 33. Qxf5 gxf5 0-1